000
00306nam a2200145Ia 4500
100
_a
Smith/ M.B.
942
_c
BK
654
_a
Organic sysnthesis
245
_a
Organic Synthesis
260
_b
Mc Graw Hill
_a
New York
_c
1994
082
_a
547.2
_b
PAN
300
_a
617
546
_a
ENGLISH
999
_c
29284
_d
29284